| 000 | 00869nam a22002177a 4500 | ||
|---|---|---|---|
| 999 |
_c7214 _d7214 |
||
| 003 | AR-CdUCM | ||
| 008 | 190320b ||||| |||| 00| 0 spa d | ||
| 040 |
_aMUNICIPALIDAD PROVINCIAL DEL CUSCO _cBIBLIOTECA MUNICIPAL DEL CUSCO |
||
| 082 |
_a869.964 / _bP63 |
||
| 100 |
_aPita Rodríguez, Félix _920335 |
||
| 245 |
_aPoesía / _cFélix Pita Rodríguez |
||
| 260 |
_aLa Habana : _bLetras cubanas, _c1978. |
||
| 300 |
_a352 páginas ; _c24 cm. |
||
| 500 | _aprólogo de Aimée Gonzaléz Bolaños. | ||
| 505 | _aContenido: Tomo I: Primeros poemas -- Corcel de fuego -- Fuente callada -- Baladas y nocturnos -- Landas innumerables -- Romances de América la bien guardada ... | ||
| 650 |
_aPoesía - Cuba - Siglo XX _920336 |
||
| 650 |
_aPoetas cubanos _915395 |
||
| 650 |
_aFelix Pita Rodriguez - Poemas - Antología _920337 |
||
| 942 |
_2ddc _cLIBROS |
||
| 945 | _alccs | ||